| 000 | 00815cab a2200229 4500 | ||
|---|---|---|---|
| 001 | WB2923-64 | ||
| 008 | 090401t1993 xxu||||| |||| 00| 0 eng d | ||
| 035 | _a(Sirsi) u54574 | ||
| 041 | _aeng | ||
| 245 | _aMulti-disciplinary courses | ||
| 260 | _c1993 | ||
| 350 | _a0 | ||
| 490 |
_aArchitects` Journal _v197(24) 16 June 1993, 6(1) |
||
| 520 | _aThe professional institutions urgently need to promote multi-disciplinary degree courses according to a report "Crossing boundaries" by the Construction Industry Council (CIC). | ||
| 650 | _aCAREERS, EDUCATION AND TRAINING | ||
| 650 | _aMULTI-DISCIPLINARY COURSES | ||
| 650 | _aPROFESSIONAL INSTITUTIONS | ||
| 650 | _aCAREERS, EDUCATION AND TRAINING | ||
| 690 | _aMANAGEMENT-BUSINESS MANAGEMENT-PROFESSIONAL PRACTICE | ||
| 942 | _n0 | ||
| 948 | _c04/03/1997 | ||
| 999 |
_c33455 _d33455 |
||